North Melbourne Kangaroos Roster - Statistics

General Stats
  • This quiz has been taken 4 times
  • The average score is 33 of 43
Answer Stats
Hint Answer % Correct
44 Cameron Zurhaar
100%
10 Colby Mckercher
100%
15 Dylan Stephens
100%
2 Finn O'Sullivan
100%
6 George Wardlaw
100%
19 Griffin Logue
100%
3 Harry Sheezel
100%
27 Jack Darling
100%
34 Jackson Archer
100%
9 Luke Davies-Uniacke
100%
11 Luke McDonald
100%
26 Luke Parker
100%
35 Matt Whitlock
100%
20 Nick Larkey
100%
36 River Stevens
100%
32 Toby Pink
100%
39 Tom Blamires
100%
7 Zane Duursma
100%
4 Aidan Corr
67%
8 Bailey Scott
67%
23 Blake Thredgold
67%
33 Brayden George
67%
5 Caleb Daniel
67%
21 Callum Coleman-Jones
67%
13 Charlie Spargo
67%
37 Cooper Harvey
67%
47 Cooper Trembath
67%
28 Hugo Mikunda
67%
41 Jacob Konstanty
67%
31 Josh Goater
67%
12 Jy Simpkin
67%
14 Luke Urquhart
67%
25 Paul Curtis
67%
17 Riley Hardeman
67%
46 Robert Hansen Jr
67%
22 Taylor Goad
67%
24 Tom Powell
67%
38 Tristan Xerri
67%
18 Will Dawson
67%
16 Zac Fisher
67%
30 Charlie Combren
0%
1 Lachy Devaston
0%
45 Zac Branch
0%
No matching quizzes found
Score Distribution
Percent of People with Each Score
Percentile by Number Answered
Your Score History
You have not taken this quiz